00603nam a2200205 a 4500020001800000082001300018100002000031245001900051260004600070300000900116500003500125505001700160650002100177650003400198650002900232700002000261942000700281952009400288999001500382 a0824572 00a230bBIR aBirtel, Frank T aReasoned Faith aNew YorkbCross Road Publishing Co.c1993 a231p aincludes index and biblioraphy2 aNotes, Index aFaith and Reason aFaith and Reason-Christianity aFaith and Reason-Judaism1 aBirtel, Frank T cBK 00104070aHMIbHMId2007-06-20g343.00l0o230 BIRp018957r2007-06-20w2026-01-16yBK c9827d9827